000 00312nam a2200121Ia 4500
008 220204s9999 xx 000 0 und d
082 _a065
_bBIT
100 _aBittel, Lester R
245 0 _aWhat every executive should know
260 _aNew York
_bAlexander Hamilton6c1980
650 _aManagement
942 _cBK
999 _c36895
_d36895